<?xml version="1.0" encoding="UTF-8"?>
<collection xmlns:xsi="http://www.w3.org/2001/XMLSchema-instance" xsi:schemaLocation="http://www.loc.gov/MARC21/slim http://www.loc.gov/standards/marcxml/schema/MARC21slim.xsd" xmlns="http://www.loc.gov/MARC21/slim">
 <record>
  <leader>00000nam a22000004a 4500</leader>
  <controlfield tag="001">UP-1685954869149649605</controlfield>
  <controlfield tag="003">Buklod</controlfield>
  <controlfield tag="005">20240221164927.0</controlfield>
  <controlfield tag="006">a     r    |||| u|</controlfield>
  <controlfield tag="007">ta</controlfield>
  <controlfield tag="008">240221s2020    ph a    r     000 p eng d</controlfield>
  <datafield tag="020" ind1=" " ind2=" ">
   <subfield code="a">9786218196230</subfield>
  </datafield>
  <datafield tag="040" ind1=" " ind2=" ">
   <subfield code="a">DMLF</subfield>
   <subfield code="e">rda</subfield>
  </datafield>
  <datafield tag="041" ind1=" " ind2=" ">
   <subfield code="a">eng</subfield>
  </datafield>
  <datafield tag="042" ind1=" " ind2=" ">
   <subfield code="a">DMLUC</subfield>
  </datafield>
  <datafield tag="090" ind1=" " ind2=" ">
   <subfield code="a">PL 6165.4 D835</subfield>
   <subfield code="b">H56 2020</subfield>
  </datafield>
  <datafield tag="100" ind1="1" ind2=" ">
   <subfield code="a">Dumlao, Emmanuel V.</subfield>
   <subfield code="e">author.</subfield>
  </datafield>
  <datafield tag="245" ind1="1" ind2="0">
   <subfield code="a">Hindi lamang salita</subfield>
   <subfield code="c">Emmanuel V. Dumlao, may-akda ; Michael Francis C. Andrada, Pangkalahatang patnugot ng proyektong aklatang bayan, direktor sentro ng wikang filipino-UP Diliman ; Maria Olivia O. Nueva España, Tagapamahalang patnugod ng proyektong aklatang bayan.</subfield>
  </datafield>
  <datafield tag="264" ind1=" " ind2="1">
   <subfield code="a">Quezon City</subfield>
   <subfield code="b">Sentro ng Wikang Filipino-UP Diliman</subfield>
   <subfield code="c">[©2020]</subfield>
  </datafield>
  <datafield tag="300" ind1=" " ind2=" ">
   <subfield code="a">xiii, 85 pages</subfield>
   <subfield code="b">illustrations</subfield>
   <subfield code="c">23 cm</subfield>
  </datafield>
  <datafield tag="336" ind1=" " ind2=" ">
   <subfield code="a">text</subfield>
   <subfield code="2">rdacontent</subfield>
  </datafield>
  <datafield tag="337" ind1=" " ind2=" ">
   <subfield code="a">unmediated</subfield>
   <subfield code="2">rdamedia</subfield>
  </datafield>
  <datafield tag="338" ind1=" " ind2=" ">
   <subfield code="a">volume</subfield>
   <subfield code="2">rdacarrier</subfield>
  </datafield>
  <datafield tag="500" ind1=" " ind2=" ">
   <subfield code="a">Kinilala ng Sentro ng Wikang Filipino-UP Diliman ang Opisina ng Tsanselor ng Unibersidad ng Pilipinas para sa pagpopindo ng proyektong ito.</subfield>
  </datafield>
  <datafield tag="505" ind1="0" ind2=" ">
   <subfield code="a">Sa memory ng Batcave -- Ratsada ni Ser -- Class Dismiss -- Meron bang tanong -- Pwede pong pakiulit? -- Dobolpeys -- Di gawang biro ang magturo -- Pilantik ng twang -- Pakiusap -- Ugat at pakpak -- Kailangang may sapat na puwang -- Sinisilip ko ang liyab -- Kaydaming patibong -- Kailan lamang -- Isang umaga sa Freedom Park -- Iskolar mula sa Sitio Marikit -- Makata -- Daan -- Banal -- Hinahon -- Hinagpis -- Pagpapasiya -- Pagbangon -- Panauhin -- Kadugo -- Pagtunganga -- Ungos -- Talim ng talinghaga -- Kalan -- Basag na bubog sa bibig -- Nais kong malaman -- Walan kasimbigat ang dumaluhong sa dilim -- Sapagkat hindi delubyo ang kanyang pangalan -- Sapagkat hindi kawanggawa ang kanyang pangalan  -- Makinig habang naghihilik -- Nampotsa!? -- Iniibig ko ang Pilipinas -- Papuro: ika-11 ng Setyembre -- Walang titik, walang tala ang simula -- Sa daigdig ng walang patlang na liwanag -- Sa daigdig ng walang patlang na dilim -- Pagsilang ng lambak -- Ang lumot at iba pang lamang-tubig -- Ang kawayan at iba pang halaman -- Alamat ng kamandag.</subfield>
  </datafield>
  <datafield tag="650" ind1=" " ind2="0">
   <subfield code="a">Philippine poetry.</subfield>
  </datafield>
  <datafield tag="905" ind1=" " ind2=" ">
   <subfield code="a">FI</subfield>
  </datafield>
  <datafield tag="905" ind1=" " ind2=" ">
   <subfield code="a">UP</subfield>
  </datafield>
  <datafield tag="852" ind1="0" ind2=" ">
   <subfield code="a">UPD</subfield>
   <subfield code="b">DCAL</subfield>
   <subfield code="h">PL 6165.4 D835</subfield>
   <subfield code="i">H56 2020</subfield>
  </datafield>
  <datafield tag="852" ind1="0" ind2=" ">
   <subfield code="a">UPD</subfield>
   <subfield code="b">DMLF</subfield>
   <subfield code="h">PL 6165.4 D835</subfield>
   <subfield code="i">H56 2020</subfield>
  </datafield>
  <datafield tag="852" ind1="0" ind2=" ">
   <subfield code="a">UPD</subfield>
   <subfield code="b">SWF</subfield>
   <subfield code="h">PL 6165.4 D835</subfield>
   <subfield code="i">H56 2020</subfield>
  </datafield>
  <datafield tag="942" ind1=" " ind2=" ">
   <subfield code="a">Book</subfield>
  </datafield>
 </record>
</collection>
